• 首页
  • 本馆介绍
  • 公告通知
  • 最新文献
  • 馆藏检索
  • 电子资源
  • 读者导购
  • 参考咨询
  • 我的图书馆
  • 登录
  • 详细信息显示
  • 放入我的书架
  • 预约/预借图书
  • 作者相关作品
  • 分类相关作品
  • 丛书相关作品
  • 出版社相关作品

书目信息

  • 表格格式
  • 工作单格式
  • 卡片格式
题名:
法律与文学
    
 
作者: 苏力 著
分册:  
出版信息: 北京   三联书店  2006
页数: 428页
开本: 23cm
丛书名:
单 册:
中图分类: D92-05 , I0-05
科图分类:
主题词: 法律--关系--文学--研究--中国
电子资源:
ISBN: 7-108-02456-X
000 00746nam0 2200229 450
001 1573138952
005 20150204201925.93
010    @a7-108-02456-X@dCNY31.50
100    @a20060104d2006 em y0chiy50 ea
101 0  @achi
102    @aCN@b110000
105    @ay z 001yy
200 1  @a法律与文学@9fa lv yu wen xue@e以中国传统戏剧为材料@f苏力著
210    @a北京@c三联书店@d2006
215    @a428页@d23cm
330    @a本书试图拓展当代中国法学理论研究的一个新领域——法律与文学。主要阐述以中国的一些传统戏剧为材料,分析法律的或与法律相关的一些理论问题。
606 0  @a法律@x关系@x文学@x研究@y中国
690    @aD92-05@v5
690    @aI0-05@v5
701  0 @a苏力@9su li@f(1955~)@4著
801  0 @aCN@bTSSF@c20150204
905    @aZUCC@dD92-05@eJY2
    
    法律与文学:以中国传统戏剧为材料/苏力著.-北京:三联书店,2006
    428页;23cm
    
    
    ISBN 7-108-02456-X:CNY31.50
    本书试图拓展当代中国法学理论研究的一个新领域——法律与文学。主要阐述以中国的一些传统戏剧为材料,分析法律的或与法律相关的一些理论问题。
●
相关链接 在E读中查询图书 在五车中查询图书 在当当中查询图书 在豆瓣中查询图书


正题名:法律与文学     索取号:D92-05/JY2         预约/预借

序号 登录号 条形码 馆藏地/架位号 状态 备注
1 7847566   278475669   学院路分馆/ [索取号:D92-05/JY2] 在馆    
唐山师范学院图书馆 欢迎您!
大连网信软件有限公司© 版权所有